Normal view
MARC view
Entry Topical Term
001 - CONTROL NUMBER
- control field: 4432
003 - CONTROL NUMBER IDENTIFIER
- control field: IMU CC
005 - DATE AND TIME OF LATEST TRANSACTION
- control field: 20260223101633.0
008 - FIXED-LENGTH DATA ELEMENTS
- fixed length control field: 260223|| aca||aabn | a|a d
040 ## - CATALOGING SOURCE
- Description conventions: IMU CC
150 ## - HEADING--TOPICAL TERM
- Topical term or geographic name entry element: Economic development
- General subdivision: Technological innovations.